<?xml version="1.0" encoding="UTF-8"?>
<record
    xmlns:xsi="http://www.w3.org/2001/XMLSchema-instance"
    xsi:schemaLocation="http://www.loc.gov/MARC21/slim http://www.loc.gov/standards/marcxml/schema/MARC21slim.xsd"
    xmlns="http://www.loc.gov/MARC21/slim">

  <leader>01309nam a22001577a 4500</leader>
  <controlfield tag="008">180417b        xxu||||| |||| 00| 0 eng d</controlfield>
  <datafield tag="020" ind1=" " ind2=" ">
    <subfield code="a">067231715X</subfield>
  </datafield>
  <datafield tag="050" ind1=" " ind2=" ">
    <subfield code="a">QA76.9. C55 S54</subfield>
  </datafield>
  <datafield tag="100" ind1=" " ind2=" ">
    <subfield code="a">Shepker, Mattew</subfield>
  </datafield>
  <datafield tag="245" ind1=" " ind2=" ">
    <subfield code="a">Sams teach yourself SQL server 7 in 24 hours. /</subfield>
  </datafield>
  <datafield tag="260" ind1=" " ind2=" ">
    <subfield code="a">Indianapolis:</subfield>
    <subfield code="b">Sams publishing;</subfield>
    <subfield code="c">2000.</subfield>
  </datafield>
  <datafield tag="300" ind1=" " ind2=" ">
    <subfield code="a">xv, 429p. : ill.</subfield>
    <subfield code="c">24cm.</subfield>
  </datafield>
  <datafield tag="500" ind1=" " ind2=" ">
    <subfield code="a">Includes appendix and index.</subfield>
  </datafield>
  <datafield tag="505" ind1=" " ind2=" ">
    <subfield code="a">CONTENTS: Introduction: Hour 1: Introducing SQL Server -- Hour 2: Installing SQL Server -- Hour 3: Introducing relational databases -- Hour 4: Database architecture fundamentals -- Hour 5: Using the tools and utilities -- Hour 6: Creating databases, files and filegroups -- Hour 7: Creating tables -- Hour 8: Logins and security -- Hour 9: Permissions -- Hour 10: Implementing backups -- Hour 11: Restoring databases -- Hour 12: Importing and exporting data -- Hour 13: Introducing replication -- Hour 14: Replication scenarios -- Hour 15: Implementing replication -- Hour 16: Scheduling tasks and alerts -- Hours 17: Querying data -- Hour 18: Advanced SELECT statements -- Hour 19: Modifying data -- Hour 20: Stored procedures -- Hour 21: Programming SQL server -- Hour 22: Indexes and Data integrity -- Hour 23: Optimization and tuning -- Hour 24: Troubleshooting.</subfield>
  </datafield>
  <datafield tag="942" ind1=" " ind2=" ">
    <subfield code="2">lcc</subfield>
    <subfield code="c">BK</subfield>
  </datafield>
  <datafield tag="999" ind1=" " ind2=" ">
    <subfield code="c">6581</subfield>
    <subfield code="d">14081</subfield>
  </datafield>
  <datafield tag="952" ind1=" " ind2=" ">
    <subfield code="0">0</subfield>
    <subfield code="1">0</subfield>
    <subfield code="2">lcc</subfield>
    <subfield code="4">0</subfield>
    <subfield code="7">0</subfield>
    <subfield code="a">WIUC-1</subfield>
    <subfield code="b">WIUC-1</subfield>
    <subfield code="c">REF</subfield>
    <subfield code="d">2018-04-17</subfield>
    <subfield code="l">0</subfield>
    <subfield code="o">QA76.9. C55 S54</subfield>
    <subfield code="p">8203/021/18</subfield>
    <subfield code="r">2018-04-17 00:00:00</subfield>
    <subfield code="t">1</subfield>
    <subfield code="w">2018-04-17</subfield>
    <subfield code="y">BK</subfield>
  </datafield>
</record>
